01529cam a2200277Ma 450000500170000000800410001702000180005802000150007602000180009102000150010903500390012404000440016304100080020710000310021524500970024624600220034325000110036526000770037630000400045350000210049352006060051465000320112065000440115265000360119670000190123220151106081109.0151106s2012 xxua frb 001 0 eng d a9781442207707 a1442207701 z9781442207691 z1442207698 a(OCoLC)767696140z(OCoLC)755417183 aCo-BoUCMbspacSaul NiñodSaul Niño0 aeng1 aMaisel, Louis Sandyd1945-10aParties and elections in Americabthe electoral processcL. Sandy Maisel and Mark D. Brewer.30aElectoral process a6th ed aLanham (Maryland, Estados Unidos)bRowman & Littlefield Publishersc2012 axxiii, 447 páginasbilustraciones aIncluye índice aParties and Elections in America: The Electoral Process covers all elements of parties and the electoral process, including local, state, and national party organizations; American party history and party systems; state and local nominations; stateand local elections; presidential nominations; and presidential elections. Separate chapters are devoted to the important subjects of the media in the electoral process and campaign finance. The role of political parties in representative democracy-and their contributions to it-are examined critically. The sixth edition incorporates the results of th. 7aElecciones zEstados Unidos 7aCampañas políticas zEstados Unidos 7aCandidatos políticos zFerias1 aBrewer, Mark D